000 00542nam a22001697a 4500
005 20251108164753.0
008 250721s1989 xx 000 0 ara d
082 1 4 _a615.9/نوا
100 1 _aنوار، مصطفى
245 1 0 _aالميكوتوكسينات و التسمم الميكوتوكسيني في الإنسان و الحيوان /
264 1 _aعمان :
_bالجامعة الأردنية،
_c1989.
300 _a110ص.
650 1 7 _aالسموم
700 1 _aالناطور، رشاد
942 _2ddc
_cBK
999 _c13955
_d13955